00479nam a2200181 a 4500001001300000003000900013005001700022008004100039020001000080082001700090100003600107245001800143260003300161300000900194500003500203650002300238700003600261nice12345678IN_TiNIC20260116011535.0070706s0000 laha grp 000 0 urd  ac10000a297.409bJAM aJami, Nooruddin Md Abdur Rahman aNafhatul-ins. aLahore bNo Publisher c0000 a672p aincludes index and biblioraphy aSufism-Hagiography1 aJami, Nooruddin Md Abdur Rahman